|
|
|
|
| LEADER |
01354nam a2200313 a 4500 |
| 001 |
934356 |
| 008 |
110824s1984 coua b 000 0 eng |
| 010 |
|
|
|a 83019835
|
| 020 |
|
|
|a 086531814X (pbk. : alk. paper) :
|c $25.00
|
| 040 |
|
|
|a DLC
|c DLC
|d DLC
|d OCoLC
|d BD-DhAAL
|
| 082 |
0 |
0 |
|a 305.4/095
|2 19
|
| 245 |
0 |
0 |
|a Women in the cities of Asia :
|b migration and urban adaptation /
|c edited by James T. Fawcett, Siew-Ean Khoo, Peter C. Smith.
|
| 260 |
|
|
|a Boulder, Colo. :
|b Westview Press,
|c 1984.
|
| 300 |
|
|
|a xviii, 406 p. :
|b ill. ;
|c 23 cm.
|
| 490 |
0 |
|
|a A Westview replica edition
|
| 500 |
|
|
|a "Published in cooperation with the East-West Population Institute, East-West Center, Honolulu."
|
| 504 |
|
|
|a Includes bibliographies.
|
| 541 |
|
|
|e 00002749
|
| 650 |
|
0 |
|a Women
|z Asia
|x Social conditions.
|
| 650 |
|
0 |
|a Rural-urban migration
|z Asia.
|
| 650 |
|
0 |
|a Urbanization
|z Asia.
|
| 650 |
|
0 |
|a Women
|z Asia
|x Case studies.
|
| 700 |
1 |
|
|a Fawcett, James T.,
|d 1935-
|
| 700 |
1 |
|
|a Khoo, Siew-Ean,
|d 1949-
|
| 700 |
1 |
|
|a Smith, Peter Colin,
|d 1943-
|
| 710 |
2 |
|
|a East-West Population Institute.
|
| 852 |
1 |
|
|a Ayesha Abed Library
|c General Shelf.
|
| 999 |
|
|
|c 11223
|d 11223
|
| 952 |
|
|
|0 0
|1 0
|2 ddc
|4 0
|6 305_409500000000000_WOM
|7 0
|9 17942
|a BRACUL
|b BRACUL
|c GEN
|d 2011-09-06
|g 0.00
|l 3
|m 4
|o 305.4095 WOM
|p 3010002749
|r 2019-04-04
|s 2019-02-11
|t 1
|w 2011-09-06
|y BK
|z Not price in Register
|